Cassell's New German and English Dictionary (Record no. 699)

000 -LEADER
fixed length control field 00288nam a22001217a 4500
003 - CONTROL NUMBER IDENTIFIER
control field OSt
008 - FIXED-LENGTH DATA ELEMENTS--GENERAL INFORMATION
fixed length control field 150215b xxu||||| |||| 00| 0 eng d
041 ## - LANGUAGE CODE
Language code of text/sound track or separate title eng
100 1# - MAIN ENTRY--PERSONAL NAME
Personal name Breul
245 10 - TITLE STATEMENT
Title Cassell's New German and English Dictionary
260 ## - PUBLICATION, DISTRIBUTION, ETC. (IMPRINT)
Name of publisher, distributor, etc. Funk and Wagnalls Company
300 ## - PHYSICAL DESCRIPTION
Extent 0 pages
Holdings
Withdrawn status Lost status Source of classification or shelving scheme Damaged status Not for loan Permanent Location Current Location Date acquired Total Checkouts Full call number Barcode Date last seen Date last checked out Price effective from Koha item type
          Northern Philatelic Library Northern Philatelic Library 02/15/2015 1 G6080 .A11 C344 1000787 07/11/2023 07/11/2023 06/28/2015 Books

Powered by Koha